000 00586nam a2200205Ii 4500
001 13124
003 CO-ViMGA
008 241108s9999||||xx |||||||||||||| ||und||
040 _aCO-ViMGA
_bspa
_erda
_cCO-ViMGA
041 0 _aspa
082 0 4 _aCG 813.54 - T35m
100 1 _aCharles Templeton
_945694
245 1 0 _aLa mano de Dios
264 1 _aBogotá, Colombia : Círculo de Lectores, 1980
300 _avolumen
336 _atext
_btxt
_2rdacontent
337 _aunmediated
_bn
_2rdamedia
338 _avolume
_bnc
_2rdacarrier
940 _aidficha_siabuc: 12828. -- ficha_no_siabuc:13124
999 _c40219
_d40219